000 00593cam a2200145 4500500
005 20260208010620.0
041 _afre
042 _adc
100 1 0 _aSamama, Guy
_eauthor
245 0 0 _aJérémie Bentham, Déontologie ou science de la morale, présentation de François Dagognet, Fougère, Encre marine, 2006, 444 p., 40 E.
260 _c2007.
500 _a29
786 0 _nRevue philosophique de la France et de l'étranger | 132 | 2 | 2007-06-01 | p. 201zk-265zk | 0035-3833
856 4 1 _uhttps://shs.cairn.info/revue-philosophique-2007-2-page-201zk?lang=fr&redirect-ssocas=7080
999 _c1657376
_d1657376